[Event "II ROMGAZ Open"]
[Site "Bucharest ROU"]
[Date "2008.09.18"]
[Round "8.31"]
[White "Florescu, Codrut-Constantin"]
[Black "Solcanean, Serghei"]
[Result "1-0"]
[WhiteElo "2294"]
[BlackElo "2162"]
[PlyCount "119"]
[EventDate "2008.09.11"]
[EventRounds "9"]
[EventCountry "ROM"]

1. e4 c5 2. Nf3 d6 3. d4 cxd4 4. Nxd4 Nf6 5. Nc3 a6 6. f4 e5 7. Nf3 Qc7 8. Bd3
Be7 9. O-O Nbd7 10. Kh1 O-O 11. Qe2 exf4 12. Bxf4 Ne5 13. Nxe5 dxe5 14. Bg5 Be6
15. Bxf6 Bxf6 16. Nd5 Bxd5 17. exd5 Qd6 18. c4 Rac8 19. Qe3 Qe7 20. c5 e4 21.
d6 Qe5 22. Qxe4 Qxe4 23. Bxe4 Rxc5 24. Rad1 b6 25. b3 a5 26. g3 h6 27. Bd3 Rd8
28. a4 Kf8 29. Bb5 Re5 30. Kg2 Re6 31. d7 Ke7 32. Rfe1 Bc3 33. Rxe6+ fxe6 34.
Rc1 Bd4 35. Rc8 Bc5 36. Kf3 Bg1 37. h3 Bc5 38. Kg4 g6 39. Kf3 Bd6 40. g4 g5 41.
Ke4 Bc5 42. Kd3 Bg1 43. Kc4 Bf2 44. Bc6 Bg1 45. Kb5 Bc5 46. Ka6 e5 47. Kb5 e4
48. Kc4 Bg1 49. Kc3 Bc5 50. Bb5 Rxd7 51. Bxd7 Kxd7 52. Rh8 Ke6 53. Rxh6+ Ke5
54. Kd2 Bd4 55. Ke2 Kf4 56. Re6 Bc5 57. Rf6+ Kg3 58. Rf5 Kxh3 59. Rxg5 Kh4 60.
Rxc5 1-0

[Event "CN Individual masc."]
[Site "Brasov"]
[Date "2004.11.20"]
[Round "1.1"]
[White "Florescu, Codrut-Constantin"]
[Black "Voiteanu, Cristian Gabriel"]
[Result "1/2-1/2"]
[WhiteElo "2361"]
[BlackElo "2207"]
[PlyCount "31"]
[EventDate "2004.11.22"]
[EventType "k.o."]
[EventRounds "5"]
[EventCountry "ROM"]

1. d4 g6 2. e4 c6 3. c3 Bg7 4. Nd2 Nf6 5. Bd3 O-O 6. Ne2 e5 7. O-O d5 8. dxe5
Ng4 9. exd5 Nxe5 10. Bc2 Qxd5 11. Nb3 Bg4 12. Qxd5 cxd5 13. f3 Be6 14. Nbd4
Nbc6 15. Nxe6 fxe6 16. Be3 1/2-1/2

[Event "CN Individual masc."]
[Site "Brasov"]
[Date "2004.11.21"]
[Round "1.2"]
[White "Voiteanu, Cristian Gabriel"]
[Black "Florescu, Codrut-Constantin"]
[Result "0-1"]
[WhiteElo "2207"]
[BlackElo "2361"]
[PlyCount "93"]
[EventDate "2004.11.22"]
[EventType "k.o."]
[EventRounds "5"]
[EventCountry "ROM"]

1. d4 Nf6 2. c4 e6 3. Nf3 b6 4. a3 Ba6 5. Qc2 c5 6. d5 exd5 7. cxd5 g6 8. Nc3
Bg7 9. g3 O-O 10. Bg2 d6 11. O-O Re8 12. Re1 Nbd7 13. Bf4 Bf8 14. e4 Ng4 15.
Rad1 b5 16. h3 Nge5 17. Nxe5 dxe5 18. Be3 Bd6 19. Bf1 Qa5 20. a4 bxa4 21. Qxa4
Qxa4 22. Nxa4 Bxf1 23. Kxf1 Rab8 24. Rc1 Rb5 25. Rc2 Ra5 26. Nc3 Rb8 27. Nb1
Ra4 28. Nd2 Rbb4 29. Rec1 Bf8 30. Nc4 Nb6 31. Nd2 Nd7 32. Rc4 a5 33. R4c2 f5
34. exf5 gxf5 35. Nc4 Rb3 36. Bd2 Rb5 37. Re1 e4 38. d6 Kf7 39. g4 Kg6 40. Kg2
Bg7 41. f3 Rxc4 42. gxf5+ Kxf5 43. Rxc4 Rxb2 44. Rcxe4 Rxd2+ 45. R1e2 Rxe2+ 46.
Rxe2 Be5 47. Ra2 0-1

[Event "CN Individual masc."]
[Site "Brasov"]
[Date "2004.11.22"]
[Round "2.1"]
[White "Florescu, Codrut-Constantin"]
[Black "Manolache, Marius"]
[Result "1/2-1/2"]
[WhiteElo "2361"]
[BlackElo "2463"]
[PlyCount "53"]
[EventDate "2004.11.22"]
[EventType "k.o."]
[EventRounds "5"]
[EventCountry "ROM"]

1. d4 Nf6 2. c4 c5 3. d5 g6 4. Nc3 Bg7 5. Nf3 O-O 6. e4 d6 7. Be2 e6 8. O-O Re8
9. Qc2 exd5 10. cxd5 Bg4 11. h3 Bxf3 12. Bxf3 a6 13. a4 Nbd7 14. Bf4 Qe7 15.
Rfe1 Rac8 16. a5 h6 17. Bh2 c4 18. Be2 Nxe4 19. Bf3 Bxc3 20. bxc3 f5 21. Bxe4
fxe4 22. f3 Nc5 23. fxe4 Nd3 24. Re2 Rc5 25. Qa2 Rf8 26. Qc2 Ne5 27. Bxe5
1/2-1/2

[Event "CN Individual masc."]
[Site "Brasov"]
[Date "2004.11.23"]
[Round "2.2"]
[White "Manolache, Marius"]
[Black "Florescu, Codrut-Constantin"]
[Result "1/2-1/2"]
[WhiteElo "2463"]
[BlackElo "2361"]
[PlyCount "26"]
[EventDate "2004.11.22"]
[EventType "k.o."]
[EventRounds "5"]
[EventCountry "ROM"]

1. d4 Nf6 2. Nf3 b6 3. Bg5 Ne4 4. Bh4 d5 5. e3 Qd6 6. c3 Qh6 7. Be2 g5 8. Bg3
Nxg3 9. fxg3 g4 10. Ne5 Qxe3 11. Na3 Bg7 12. Nc2 Qg5 13. Bxg4 Bxg4 1/2-1/2

[Event "Superliga"]
[Site "Tusnad"]
[Date "2004.05.01"]
[Round "1.2"]
[White "Florescu, Codrut-Constantin"]
[Black "Shishkin, Vadim"]
[Result "1/2-1/2"]
[WhiteElo "2405"]
[BlackElo "2443"]
[PlyCount "67"]
[EventDate "2004.05.05"]
[EventType "team"]
[Source "GMV"]
[SourceDate "2004.05.03"]

1. e4 c5 2. Nc3 Nc6 3. g3 g6 4. Bg2 Bg7 5. d3 d6 6. Be3 Nd4 7. Qd2 Qa5 8. h3 e5
9. Nge2 Ne7 10. f4 Nxe2 11. Nxe2 Qxd2+ 12. Kxd2 exf4 13. gxf4 O-O 14. Rab1 Be6
15. b3 Nc6 16. Rbf1 f5 17. h4 fxe4 18. dxe4 Bg4 19. Nc3 Rae8 20. Rhg1 h5 21.
Bh1 Kh7 22. Nd5 Ne7 23. Nc7 Rc8 24. Nb5 Rf6 25. Nxa7 Ra8 26. Nb5 Rxa2 27. Nc3
Ra8 28. Ra1 Rd8 29. Ra7 Rd7 30. Rga1 Rf7 31. Bg2 Bf6 32. Rh1 Be6 33. Ne2 Bg4
34. Nc3 1/2-1/2

[Event "ROM-ch"]
[Site "Satu Mare"]
[Date "2003.09.01"]
[Round "1.1"]
[White "Florescu, Codrut-Constantin"]
[Black "Teodorescu, Ion"]
[Result "1-0"]
[WhiteElo "2416"]
[BlackElo "2266"]
[PlyCount "69"]
[EventDate "2003.09.01"]
[EventType "k.o."]
[EventRounds "5"]
[EventCountry "ROM"]
[Source "Roberto Alvarez"]
[SourceDate "2003.10.06"]

1. e4 c5 2. Nf3 d6 3. d4 cxd4 4. Nxd4 Nf6 5. Nc3 a6 6. f4 Qc7 7. Be2 Nc6 8. Be3
e6 9. Bf3 Bd7 10. g4 b5 11. g5 Ng8 12. h4 Rc8 13. Nxc6 Bxc6 14. Qd2 Qb7 15. Qg2
b4 16. Ne2 f5 17. Ng3 Ne7 18. O-O fxe4 19. Bg4 d5 20. Bxe6 Bd7 21. Bxd7+ Qxd7
22. f5 Qc7 23. f6 Ng6 24. Rad1 gxf6 25. Rxd5 Nxh4 26. Qxe4+ Qe7 27. Bd4 Qxe4
28. Nxe4 Rg8 29. Nxf6+ Kf7 30. Nxg8+ Kxg8 31. c3 bxc3 32. bxc3 Be7 33. Kh2 Rb8
34. Kh3 Ng6 35. Ra5 1-0

[Event "ROM-ch"]
[Site "Satu Mare"]
[Date "2003.09.02"]
[Round "1.2"]
[White "Teodorescu, Ion"]
[Black "Florescu, Codrut-Constantin"]
[Result "1/2-1/2"]
[WhiteElo "2266"]
[BlackElo "2416"]
[PlyCount "103"]
[EventDate "2003.09.01"]
[EventType "k.o."]
[EventRounds "5"]
[EventCountry "ROM"]
[Source "Roberto Alvarez"]
[SourceDate "2003.10.06"]

1. Nf3 Nf6 2. g3 d5 3. c4 e6 4. b3 d4 5. Bg2 c5 6. a3 a5 7. O-O Nc6 8. d3 Be7
9. e4 e5 10. Ne1 a4 11. b4 cxb4 12. axb4 Bxb4 13. Rxa4 Rxa4 14. Qxa4 Nd7 15.
Bd2 Bxd2 16. Nxd2 Nc5 17. Qb5 Qa5 18. Qxa5 Nxa5 19. f4 Nc6 20. fxe5 Nxe5 21.
Ndf3 Nxf3+ 22. Bxf3 Ke7 23. Rf2 Bd7 24. Ra2 Rb8 25. Be2 b5 26. cxb5 Bxb5 27.
Rb2 Na4 28. Rb4 Nc3 29. Kf2 Ra8 30. Rb2 Kd6 31. Bf3 Kc5 32. h4 Ra4 33. Be2 f6
34. h5 Ra8 35. Kf3 Ra3 36. g4 Ra1 37. Ng2 Ra8 38. Nf4 Ra6 39. Bf1 Rd6 40. Rb3
Ra6 41. Rb2 Rd6 42. Bh3 Ra6 43. Rd2 Kd6 44. Rg2 Ra2 45. g5 Rxg2 46. gxf6 gxf6
47. Bxg2 h6 48. Bf1 Na2 49. Kg4 Bd7+ 50. Kf3 Nc1 51. Nd5 f5 52. Bg2 1/2-1/2

[Event "ROM-ch"]
[Site "Satu Mare"]
[Date "2003.09.03"]
[Round "2.1"]
[White "Manescu, Tiberiu"]
[Black "Florescu, Codrut-Constantin"]
[Result "1/2-1/2"]
[WhiteElo "2354"]
[BlackElo "2416"]
[PlyCount "99"]
[EventDate "2003.09.01"]
[EventType "k.o."]
[EventRounds "5"]
[EventCountry "ROM"]
[Source "Roberto Alvarez"]
[SourceDate "2003.10.06"]

1. e4 c5 2. Nf3 e6 3. d4 cxd4 4. Nxd4 Nf6 5. Nc3 d6 6. g3 a6 7. Bg2 Qc7 8. O-O
Be7 9. Re1 O-O 10. Be3 Nc6 11. Nxc6 bxc6 12. Na4 Rb8 13. c4 c5 14. Qe2 Bb7 15.
Bf4 Nd7 16. Rad1 Ne5 17. b3 Nc6 18. Qd2 Nd4 19. Be3 Bf6 20. Nc3 Bc6 21. Bxd4
Bxd4 22. Ne2 e5 23. Nxd4 exd4 24. Rb1 a5 25. a3 Qb7 26. Qxa5 f5 27. f3 fxe4 28.
fxe4 Ra8 29. Qd2 Rxa3 30. b4 Qa8 31. Rf1 Rxf1+ 32. Rxf1 Ra1 33. bxc5 Rxf1+ 34.
Bxf1 dxc5 35. Qg5 Qe8 36. Bd3 Bxe4 37. Bxe4 Qxe4 38. Qd8+ Kf7 39. Qd7+ Qe7 40.
Qf5+ Ke8 41. Qc8+ Qd8 42. Qxc5 d3 43. Qe3+ Kf8 44. Qf4+ Kg8 45. Qd2 Qd4+ 46.
Kg2 Qxc4 47. Kf3 Qd4 48. Qa2+ Kf8 49. Qf2 Qe5 50. Qd2 1/2-1/2

[Event "ROM-ch"]
[Site "Satu Mare"]
[Date "2003.09.04"]
[Round "2.2"]
[White "Florescu, Codrut-Constantin"]
[Black "Manescu, Tiberiu"]
[Result "1-0"]
[WhiteElo "2416"]
[BlackElo "2354"]
[PlyCount "115"]
[EventDate "2003.09.01"]
[EventType "k.o."]
[EventRounds "5"]
[EventCountry "ROM"]
[Source "Roberto Alvarez"]
[SourceDate "2003.10.06"]

1. c4 Nf6 2. Nc3 g6 3. g3 Bg7 4. Bg2 d6 5. d3 O-O 6. Rb1 a5 7. e4 c6 8. Nge2 e5
9. O-O Be6 10. b3 Na6 11. h3 Nh5 12. d4 exd4 13. Nxd4 Bc8 14. Be3 Nc5 15. Qd2
Re8 16. Rbd1 Nf6 17. Nxc6 bxc6 18. Bxc5 Bxh3 19. Qxd6 Qc8 20. Qf4 Nh5 21. Qe3
Bxg2 22. Kxg2 Bxc3 23. Qxc3 Rxe4 24. Rfe1 Rg4 25. Qf3 Rg5 26. Be7 Rf5 27. Rd8+
Qxd8 28. Bxd8 Rxf3 29. Re8+ Kg7 30. Kxf3 Ra6 31. Re5 a4 32. b4 Ra8 33. Bc7 Ra7
34. Bb6 Rb7 35. Ba5 Nf6 36. Re3 Rd7 37. Bb6 Rb7 38. Bc5 Nd7 39. Bd4+ Kf8 40. a3
c5 41. Bxc5+ Nxc5 42. bxc5 Rc7 43. Re5 f6 44. Rd5 h5 45. Ke4 g5 46. f4 h4 47.
gxh4 gxh4 48. Rh5 Kg8 49. Kd4 Rd7+ 50. Ke4 Rc7 51. Rxh4 Rxc5 52. Kd4 Rc8 53. c5
Kf7 54. f5 Rd8+ 55. Kc4 Rd1 56. Rd4 Rc1+ 57. Kb4 Ke7 58. Rd5 1-0

[Event "11th Fair Play Trophy"]
[Site "Techirghiol"]
[Date "2003.07.01"]
[Round "1"]
[White "Florescu, Codrut-Constantin"]
[Black "Nemeth, Francisc"]
[Result "1/2-1/2"]
[WhiteElo "2416"]
[BlackElo "2284"]
[PlyCount "110"]
[EventDate "2003.07.01"]
[EventType "tourn"]
[EventRounds "11"]
[EventCountry "ROM"]
[EventCategory "2"]
[Source "Roberto Alvarez"]
[SourceDate "2003.07.14"]

1. e4 c5 2. Nf3 d6 3. d4 cxd4 4. Nxd4 Nf6 5. Nc3 a6 6. f4 e5 7. Nf3 Nbd7 8. Bd3
Be7 9. O-O O-O 10. Kh1 b5 11. a3 Bb7 12. Qe2 Re8 13. fxe5 Nxe5 14. Nxe5 dxe5
15. Bg5 Nd7 16. Be3 Bg5 17. Bxg5 Qxg5 18. Rf5 Qe7 19. Raf1 f6 20. a4 bxa4 21.
Bc4+ Kh8 22. Rh5 g6 23. Rh3 Nb6 24. Ba2 Rad8 25. Qf2 Rd6 26. Qc5 Rd1 27. Rxh7+
Kxh7 28. Qxe7+ Rxe7 29. Rxd1 Rd7 30. Rxd7+ Nxd7 31. Bd5 Bxd5 32. exd5 Nc5 33.
d6 Nb7 34. d7 a3 35. bxa3 Kg7 36. Ne4 f5 37. Nc5 Nd8 38. Nxa6 Kf6 39. Nc5 Ke7
40. g4 fxg4 41. Kg2 Kd6 42. Ne4+ Kxd7 43. Kg3 Kc6 44. c4 Nb7 45. Kxg4 Na5 46.
Kg5 Nxc4 47. Kxg6 Ne3 48. h4 Ng2 49. Kg5 Nf4 50. h5 Nxh5 51. Kxh5 Kd5 52. Nc3+
Kd4 53. a4 e4 54. a5 Kc5 55. Kg4 Kc6 1/2-1/2

[Event "11th Fair Play Trophy"]
[Site "Techirghiol"]
[Date "2003.07.02"]
[Round "2"]
[White "Miljkovic, Mihajlo"]
[Black "Florescu, Codrut-Constantin"]
[Result "1/2-1/2"]
[WhiteElo "2275"]
[BlackElo "2416"]
[PlyCount "64"]
[EventDate "2003.07.01"]
[EventType "tourn"]
[EventRounds "11"]
[EventCountry "ROM"]
[EventCategory "2"]
[Source "Roberto Alvarez"]
[SourceDate "2003.07.14"]

1. d4 Nf6 2. c4 e6 3. Nc3 Bb4 4. Qc2 O-O 5. e4 d5 6. cxd5 exd5 7. e5 Ne4 8. Bd3
c5 9. Nge2 Nc6 10. O-O cxd4 11. Nxd5 Qxd5 12. Bxe4 Qxe5 13. Bxh7+ Kh8 14. Bf4
Qf6 15. Be4 Re8 16. Rfd1 Bg4 17. f3 Rxe4 18. Qxe4 Bf5 19. Qd5 Rd8 20. Qc4 d3
21. Ng3 Rd4 22. Qc1 Bg6 23. Bd2 Qd8 24. Bxb4 Nxb4 25. Qd2 Rc4 26. Qf2 Rc2 27.
Rd2 Qf6 28. Nf1 Qe5 29. Qh4+ Kg8 30. Qd8+ Kh7 31. Qh4+ Kg8 32. Qd8+ Kh7 1/2-1/2

[Event "11th Fair Play Trophy"]
[Site "Techirghiol"]
[Date "2003.07.03"]
[Round "3"]
[White "Florescu, Codrut-Constantin"]
[Black "Chiricuta, Marius"]
[Result "1-0"]
[WhiteElo "2416"]
[BlackElo "2216"]
[PlyCount "117"]
[EventDate "2003.07.01"]
[EventType "tourn"]
[EventRounds "11"]
[EventCountry "ROM"]
[EventCategory "2"]
[Source "Roberto Alvarez"]
[SourceDate "2003.07.14"]

1. c4 c5 2. Nf3 Nf6 3. d4 cxd4 4. Nxd4 b6 5. Nc3 Bb7 6. f3 a6 7. e4 d6 8. Be3
e6 9. Be2 Be7 10. O-O O-O 11. Qd2 Nc6 12. Rfd1 Qc7 13. Rac1 Nxd4 14. Bxd4 Nd7
15. Bf1 Rac8 16. Qf2 Rfe8 17. b4 Rb8 18. a3 Bc8 19. Na4 Qc6 20. Nc3 Qc7 21. Qg3
Bf8 22. c5 bxc5 23. bxc5 Qc6 24. cxd6 Qxd6 25. e5 Qxa3 26. Ne4 Rb4 27. Bf2 Rxe4
28. fxe4 Qxg3 29. Bxg3 Nc5 30. Bf2 Nxe4 31. Be3 Bb7 32. Rc7 Bd5 33. Bxa6 Rb8
34. Bd3 h6 35. h4 g5 36. Rf1 Bg7 37. Bd4 Rf8 38. Re1 Ng3 39. hxg5 hxg5 40. Rd7
Nh5 41. Re3 Nf4 42. Bf1 Rc8 43. g3 Bc6 44. Ra7 Rd8 45. Bb2 Rb8 46. gxf4 Rxb2
47. Rc3 Be4 48. Rc8+ Bf8 49. f5 Bb7 50. Rb8 Bd5 51. Rd8 Rd2 52. f6 Rd4 53. Rc7
Rg4+ 54. Kf2 Rf4+ 55. Kg1 Rg4+ 56. Kh2 Kh7 57. Rxf7+ Kg6 58. Rfxf8 Kf5 59. Bh3
1-0

[Event "11th Fair Play Trophy"]
[Site "Techirghiol"]
[Date "2003.07.04"]
[Round "4"]
[White "Podgurkii, Stepan"]
[Black "Florescu, Codrut-Constantin"]
[Result "1/2-1/2"]
[WhiteElo "2151"]
[BlackElo "2416"]
[PlyCount "80"]
[EventDate "2003.07.01"]
[EventType "tourn"]
[EventRounds "11"]
[EventCountry "ROM"]
[EventCategory "2"]
[Source "Roberto Alvarez"]
[SourceDate "2003.07.14"]

1. d4 Nf6 2. Nf3 b6 3. g3 Bb7 4. Bg2 g6 5. O-O Bg7 6. c4 O-O 7. Nc3 Ne4 8. Nxe4
Bxe4 9. Be3 c5 10. Qd2 d6 11. Bh6 Nd7 12. Bxg7 Kxg7 13. Rfd1 Qc7 14. Re1 Rab8
15. Rac1 Nf6 16. Nh4 Bxg2 17. Nxg2 cxd4 18. Qxd4 Qc5 19. Red1 Qxd4 20. Rxd4
Rfc8 21. Ne3 b5 22. b3 Rc6 23. f3 Rbc8 24. Kf2 Kf8 25. Rc2 Nd7 26. Rcd2 b4 27.
Nd5 a5 28. Rb2 e6 29. Ne3 Ke7 30. Rd1 Rb8 31. Nc2 Nc5 32. Ne1 f5 33. h4 a4 34.
Nd3 a3 35. Rbd2 Nd7 36. Nf4 Ne5 37. Nd3 Nf7 38. Nf4 Kf6 39. Ra1 h6 40. Rh1 Ne5
1/2-1/2

[Event "11th Fair Play Trophy"]
[Site "Techirghiol"]
[Date "2003.07.05"]
[Round "5"]
[White "Florescu, Codrut-Constantin"]
[Black "Manescu, Tiberiu"]
[Result "1-0"]
[WhiteElo "2416"]
[BlackElo "2354"]
[PlyCount "63"]
[EventDate "2003.07.01"]
[EventType "tourn"]
[EventRounds "11"]
[EventCountry "ROM"]
[EventCategory "2"]
[Source "Roberto Alvarez"]
[SourceDate "2003.07.14"]

1. d4 Nf6 2. c4 c5 3. d5 b5 4. cxb5 a6 5. f3 g6 6. e4 d6 7. a4 Bg7 8. Na3 O-O
9. Ne2 e6 10. Nc3 exd5 11. exd5 Nh5 12. g3 Re8+ 13. Kf2 f5 14. f4 Nf6 15. Bc4
Nbd7 16. Re1 Ne4+ 17. Nxe4 fxe4 18. bxa6 Nf6 19. Bb5 Rf8 20. Nc2 g5 21. Kg2
gxf4 22. Bxf4 Ng4 23. Rxe4 Bf5 24. Re6 Bxe6 25. dxe6 Ne5 26. Ne3 Qe7 27. Bxe5
Bxe5 28. Qg4+ Kh8 29. Nd5 Qa7 30. e7 Rg8 31. Qe6 Qb8 32. Rf1 1-0

[Event "11th Fair Play Trophy"]
[Site "Techirghiol"]
[Date "2003.07.07"]
[Round "7"]
[White "Florescu, Codrut-Constantin"]
[Black "Burnoiu, Nicolae Costel"]
[Result "1/2-1/2"]
[WhiteElo "2416"]
[BlackElo "2180"]
[PlyCount "117"]
[EventDate "2003.07.01"]
[EventType "tourn"]
[EventRounds "11"]
[EventCountry "ROM"]
[EventCategory "2"]
[Source "Roberto Alvarez"]
[SourceDate "2003.07.14"]

1. e4 c5 2. Nf3 d6 3. d4 cxd4 4. Nxd4 Nf6 5. Nc3 a6 6. f4 g6 7. Be2 Bg7 8. Be3
Nbd7 9. Bf3 O-O 10. Nde2 Nb6 11. h3 Nc4 12. Bc1 Qa5 13. Qd3 Be6 14. b3 Nb6 15.
Bd2 Nbd7 16. O-O Rac8 17. Nd5 Qd8 18. c3 Nxd5 19. exd5 Bf5 20. Qe3 Qb6 21. Qxb6
Nxb6 22. Rac1 Nd7 23. g4 Bd3 24. Rfe1 Bxe2 25. Rxe2 Rfe8 26. Kg2 b5 27. Re3 Kf8
28. Rce1 Rc7 29. g5 Nb6 30. h4 Rec8 31. Rc1 h5 32. Rd3 Nd7 33. Kf1 Nc5 34. Re3
Nd7 35. Bg2 f5 36. gxf6 Nxf6 37. Bh3 Nxd5 38. Rd3 Nb4 39. Rf3 Nxa2 40. Ra1 Nxc3
41. Bxc8 Ne4 42. Ra2 Rxc8 43. f5 gxf5 44. Rxf5+ Bf6 45. Be1 Rc1 46. Ke2 Nc3+
47. Bxc3 Rxc3 48. Rxa6 Rxb3 49. Rxd6 exd6 50. Rxf6+ Ke7 51. Rf5 b4 52. Rxh5 Rh3
53. Kd2 Kd7 54. Rh8 Kc6 55. h5 Kc5 56. h6 Kc4 57. h7 Rh2+ 58. Ke3 Kd5 59. Rb8
1/2-1/2

[Event "11th Fair Play Trophy"]
[Site "Techirghiol"]
[Date "2003.07.08"]
[Round "8"]
[White "Kostic, Nebojsa"]
[Black "Florescu, Codrut-Constantin"]
[Result "0-1"]
[WhiteElo "2334"]
[BlackElo "2416"]
[PlyCount "144"]
[EventDate "2003.07.01"]
[EventType "tourn"]
[EventRounds "11"]
[EventCountry "ROM"]
[EventCategory "2"]
[Source "Roberto Alvarez"]
[SourceDate "2003.07.14"]

1. d4 Nf6 2. Nf3 d5 3. c3 e6 4. Bg5 Be7 5. Nbd2 c5 6. e3 Nc6 7. Bd3 Qb6 8. Rb1
h6 9. Bh4 cxd4 10. exd4 Qc7 11. Qe2 Nh5 12. Bg3 Nf4 13. Bxf4 Qxf4 14. O-O O-O
15. Rbe1 Bd7 16. Bc2 a6 17. a4 Rac8 18. Qd3 g6 19. g3 Qf5 20. Qxf5 gxf5 21. Bd3
Bd6 22. Ra1 Rfd8 23. Kg2 Kg7 24. Rfe1 Ne7 25. a5 Ng8 26. Rec1 Nf6 27. Nb3 Ne4
28. Ne1 h5 29. f3 Nf6 30. Be2 h4 31. Nd3 Bb5 32. Kf2 Rh8 33. Rh1 Bxd3 34. Bxd3
Nh5 35. Rag1 Kf6 36. g4 Nf4 37. Bf1 Rc6 38. Ke3 h3 39. gxf5 Kxf5 40. Rg4 b6 41.
Rg7 Kf6 42. Rg4 Ng6 43. Bd3 Nh4 44. f4 Ng2+ 45. Kf3 bxa5 46. Nxa5 Rb6 47. Rb1
Rc8 48. Kg3 Rcb8 49. b3 Ne3 50. Rh4 Rc8 51. c4 dxc4 52. bxc4 Rxb1 53. Bxb1 Nxc4
54. Nb7 Bb4 55. Rxh3 Rb8 56. Be4 Nd2 57. Bc6 Nb3 58. d5 Nd4 59. Rh5 Rc8 60. Rg5
Nxc6 61. dxc6 Rxc6 62. h4 Rc7 63. Na5 Rc5 64. Rxc5 Bxc5 65. Kf3 Kg6 66. Nc6 Bd6
67. Kg4 Bc7 68. h5+ Kf6 69. Nd4 a5 70. Nb5 a4 71. Nxc7 a3 72. Ne8+ Ke7 0-1

[Event "11th Fair Play Trophy"]
[Site "Techirghiol"]
[Date "2003.07.09"]
[Round "9"]
[White "Florescu, Codrut-Constantin"]
[Black "Vioreanu, Bogdan"]
[Result "0-1"]
[WhiteElo "2416"]
[BlackElo "2395"]
[PlyCount "58"]
[EventDate "2003.07.01"]
[EventType "tourn"]
[EventRounds "11"]
[EventCountry "ROM"]
[EventCategory "2"]
[Source "Roberto Alvarez"]
[SourceDate "2003.07.14"]

1. e4 c5 2. Nf3 d6 3. d4 cxd4 4. Nxd4 Nf6 5. Nc3 Nc6 6. f4 e5 7. Nf3 Be7 8. Bc4
O-O 9. f5 Qa5 10. Bd2 Qc5 11. Bb3 Nd4 12. Bg5 Nxb3 13. axb3 b5 14. Bxf6 Bxf6
15. Qe2 Bb7 16. O-O-O Rfc8 17. Rd2 b4 18. Na4 Qc6 19. Rd5 Ba6 20. Qd2 Bb5 21.
Kb1 Bxa4 22. bxa4 Qxa4 23. Qd3 Rxc2 24. Qxc2 b3 25. Qd3 Qa2+ 26. Kc1 Rc8+ 27.
Kd1 Qa1+ 28. Ke2 Qxh1 29. Ne1 Bh4 0-1

[Event "11th Fair Play Trophy"]
[Site "Techirghiol"]
[Date "2003.07.11"]
[Round "11"]
[White "Susterman, Anja"]
[Black "Florescu, Codrut-Constantin"]
[Result "1/2-1/2"]
[WhiteElo "2280"]
[BlackElo "2416"]
[PlyCount "21"]
[EventDate "2003.07.01"]
[EventType "tourn"]
[EventRounds "11"]
[EventCountry "ROM"]
[EventCategory "2"]
[Source "Roberto Alvarez"]
[SourceDate "2003.07.14"]

1. Nf3 Nf6 2. c4 c5 3. g3 g6 4. Bg2 Bg7 5. Nc3 Nc6 6. d4 cxd4 7. Nxd4 Nxd4 8.
Qxd4 d6 9. O-O O-O 10. Qd3 Bf5 11. e4 1/2-1/2

[Event "?"]
[Site "?"]
[Date "2003.??.??"]
[Round "?"]
[White "Buescu, Neculai  Gabriel "]
[Black "Florescu, Codrut-Constantin"]
[Result "1/2-1/2"]
[WhiteElo "2223"]
[BlackElo "2422"]
[PlyCount "34"]
[EventDate "2003.??.??"]

1. e4 c5 2. Nf3 e6 3. c3 Nf6 4. e5 Nd5 5. d4 cxd4 6. cxd4 d6 7. Nc3 Nxc3 8.
bxc3 Qc7 9. Bd2 Nc6 10. exd6 Bxd6 11. Bd3 h6 12. O-O O-O 13. Re1 e5 14. dxe5
Nxe5 15. Nxe5 Bxe5 16. Qh5 Bd6 17. Bxh6 gxh6 1/2-1/2

[Event "?"]
[Site "?"]
[Date "2003.??.??"]
[Round "?"]
[White "Florescu, Codrut-Constantin"]
[Black "Raceanu, Valentin"]
[Result "0-1"]
[WhiteElo "2422"]
[BlackElo "2365"]
[PlyCount "48"]
[EventDate "2003.??.??"]

1. e4 c5 2. Nf3 Nc6 3. d4 cxd4 4. Nxd4 Nf6 5. Nc3 d6 6. f4 e5 7. Nf3 Be7 8. Bc4
Qb6 9. f5 g6 10. Ng5 Rf8 11. g4 h6 12. Nh3 (12. Nxf7 Rxf7 13. Bxf7+ Kxf7 14.
Rf1 Nd4 15. fxg6+ Kxg6 16. h3 Qc6) 12... gxf5 13. gxf5 Rg8 14. Nf2 Nd4 15. Kf1
(15. Nd5 Nxd5 16. Bxd5 Rg2 17. Kf1 Rxf2+ 18. Kxf2 Nxc2+ 19. Kg3 Nxa1 20. Bxf7+
Kd8 (20... Kxf7 21. Qh5+) 21. Bxh6) 15... Bd7 16. Qd3 Rc8 17. b3 d5 18. Bxd5 (
18. Nxd5 Nxd5 19. c3 (19. exd5 Bxf5) 19... Nxc3 20. Qxc3 Qa6 21. Bxa6 Rxc3 22.
Bc4 Bc6) 18... Nxc2 (18... Qa5 19. Bb2 Ba3) 19. Qxc2 Nxd5 20. exd5 Bb5+ 21. Ke1
Rg2 22. d6 Rxc3 23. Qd2 Bh4 24. d7+ Kd8 0-1